| 000 -LEADER |
| fixed length control field |
00848nam a22001697a 4500 |
| 005 - DATE AND TIME OF LATEST TRANSACTION |
| control field |
20260122192644.0 |
| 008 - FIXED-LENGTH DATA ELEMENTS--GENERAL INFORMATION |
| fixed length control field |
230712b ||||| |||| 00| 0 eng d |
| 040 ## - CATALOGING SOURCE |
| Transcribing agency |
SSBUL |
| Modifying agency |
SSBUL |
| 082 ## - DEWEY DECIMAL CLASSIFICATION NUMBER |
| Edition number |
23 |
| Classification number |
၉၅၉.၁ တော် ၁၆၁၂၄(၁) (S-SAT) |
| 245 ## - TITLE STATEMENT |
| Title |
တော်လှန်ရေးကောင်စီ၏ခံယူချက်နှင့် တိုင်းရင်းသားလူမျိုးများ၏... / |
| 260 ## - PUBLICATION, DISTRIBUTION, ETC. |
| Place of publication, distribution, etc. |
ရန်ကုန်၊ |
| Name of publisher, distributor, etc. |
ထုတ်ဝေသူမပါ၊ |
| Date of publication, distribution, etc. |
၁၉--။ |
| 300 ## - PHYSICAL DESCRIPTION |
| Extent |
၇၀ စာမျက်နှာ၊ |
| Dimensions |
၂၂ စင်တီ။ |
| 500 ## - GENERAL NOTE |
| General note |
S-SAT: Dr. Prof Sai Aung Tun |
| 650 ## - SUBJECT ADDED ENTRY--TOPICAL TERM |
| Topical term or geographic name entry element |
တော်လှန်ရေးကောင်စီ။ |
| 9 (RLIN) |
27830 |
| 651 ## - SUBJECT ADDED ENTRY--GEOGRAPHIC NAME |
| Geographic name |
မြန်မာနိုင်ငံ |
| General subdivision |
သမိုင်း။ |
| 9 (RLIN) |
6190 |
| 942 ## - ADDED ENTRY ELEMENTS (KOHA) |
| Source of classification or shelving scheme |
|
| Koha item type |
Book (Short term) |